Quel clip de Lady Gaga - Statistics

General Stats
  • This quiz has been taken 19 times
  • The average score is 14 of 17
Answer Stats
Picture Answer % Correct
abracadabra
100%
poker face
100%
rain on me
93%
Telephone
93%
the dead dance
93%
bad romance
86%
disease
86%
john wayne
86%
judas
86%
lovegame
86%
911
79%
perfect illusion
71%
Eh Eh (Nothing Else I Can Say)
64%
marry the night
64%
paparazzi
64%
stupid love
64%
beautiful dirty rich
57%
No matching quizzes found
Score Distribution
Percent of People with Each Score
Percentile by Number Answered
Your Score History
You have not taken this quiz